UBT Library

Broken connections : (Record no. 42096)

000 -LEADER
fixed length control field 00880cam a2200265 a 4500
001 - CONTROL NUMBER
control field 2051264
005 - DATE AND TIME OF LATEST TRANSACTION
control field 20180208041814.0
008 - FIXED-LENGTH DATA ELEMENTS--GENERAL INFORMATION
fixed length control field 930609s1994 ne a b 000 0 eng c
010 ## - LIBRARY OF CONGRESS CONTROL NUMBER
LC control number 93025579
020 ## - INTERNATIONAL STANDARD BOOK NUMBER
International Standard Book Number 9026513348 (pt. 1)
020 ## - INTERNATIONAL STANDARD BOOK NUMBER
International Standard Book Number 9026513712 (pt. 2)
040 ## - CATALOGING SOURCE
Original cataloging agency DNLM/DLC
Transcribing agency DLC
Modifying agency DLC
041 1# - LANGUAGE CODE
Language code of text/sound track or separate title eng
060 00 - NATIONAL LIBRARY OF MEDICINE CALL NUMBER
Classification number WM 220 S724v 1993a
080 ## - UNIVERSAL DECIMAL CLASSIFICATION NUMBER
Universal Decimal Classification number 616.831 SOU
082 00 - DEWEY DECIMAL CLASSIFICATION NUMBER
Classification number 616.831 SOU
Edition number 20
100 1# - Rafti
Rafti 7
101 ## - Shkurtesa
Shkurtesa NEU
240 10 - UNIFORM TITLE
Uniform title <a href="Verbroken verbindigen.">Verbroken verbindigen.</a>
Language of a work English
245 10 - TITLE STATEMENT
Title Broken connections :
Statement of responsibility, etc Liduïn Souren & Emile Franssen.
504 ## - BIBLIOGRAPHY, ETC. NOTE
Bibliography, etc Includes bibliographical references.
906 ## - LOCAL DATA ELEMENT F, LDF (RLIN)
a 7
b cbc
c orignew
d 1
e ocip
f 19
g y-gencatlg
942 ## - ADDED ENTRY ELEMENTS (KOHA)
Source of classification or shelving scheme
Item type Books
Holdings
Withdrawn status Lost status Source of classification or shelving scheme Damaged status Not for loan Collection code Permanent location Current location Shelving location Date acquired Total Checkouts Full call number Barcode Date last seen Price effective from Koha item type
          Koleksioni i përgjithshem UBT - Lipjan UBT - Lipjan Koleksioni i përgjithshem 02/08/2018   616.831 SOU 002-2998915 02/08/2018 02/08/2018 Books
UBT Library © 2015-2024. All rights reserved University Education for Business and Technology